První emise komunálních obligací města Ostravy
Koncom roku 1992 sa rozhodla rada mesta Ostravy zorganizovať "pilotnú" (skúšobnú) emisiu komunálnych obligácií. Príprava emisie bola zadaná Stredoeurópskej finančnej spoločnosti v Ostrave. Ostravská emisia splnila úlohu overovacieho projektu.
Saved in:
| Main Author: | |
|---|---|
| Format: | Book Chapter |
| Language: | Czech |
| Subjects: | |
| Tags: |
No Tags, Be the first to tag this record!
|
MARC
| LEADER | 00000naa a2200000 4500 | ||
|---|---|---|---|
| 001 | r015403 | ||
| 005 | 20221205090250.2 | ||
| 041 | 0 | |a cze | |
| 044 | |a CZ | ||
| 245 | 1 | 0 | |a První emise komunálních obligací města Ostravy |c J. Tomáš |
| 520 | |a Koncom roku 1992 sa rozhodla rada mesta Ostravy zorganizovať "pilotnú" (skúšobnú) emisiu komunálnych obligácií. Príprava emisie bola zadaná Stredoeurópskej finančnej spoločnosti v Ostrave. Ostravská emisia splnila úlohu overovacieho projektu. | ||
| 610 | 2 | 0 | |a obligácie |
| 610 | 2 | 0 | |a Česko |
| 610 | 2 | 0 | |a 1992 |
| 610 | 2 | 0 | |a Ostrava |
| 100 | 1 | |a Tomáš, J. | |